From source to sea (Record no. 108796)

MARC details
000 -LEADER
fixed length control field 02444cad a22002295a 4500
001 - CONTROL NUMBER
control field L145440
008 - FIXED-LENGTH DATA ELEMENTS--GENERAL INFORMATION
fixed length control field 081009s2008 xxkabo f s 000 0 eng d
035 ## - SYSTEM CONTROL NUMBER
System control number (Sirsi) u145440
041 0# - LANGUAGE CODE
Language code of text/sound track or separate title eng
050 04 - LIBRARY OF CONGRESS CALL NUMBER
Classification number 627.1 $2 18
110 2# - MAIN ENTRY--CORPORATE NAME
Corporate name or jurisdiction name as entry element National Trust
9 (RLIN) 1987
245 00 - TITLE STATEMENT
Title From source to sea
Remainder of title working with water
Medium [electronic resource]
260 ## - PUBLICATION, DISTRIBUTION, ETC.
Place of publication, distribution, etc. Swindon
Name of publisher, distributor, etc. National Trust
Date of publication, distribution, etc. 2008
505 2# - FORMATTED CONTENTS NOTE
Formatted contents note Why water matters -- Working with natural processes -- Case studies: protecting Northern Ireland's water at source; restoring the still waters of Bassenthwaite Lake; the multiple benefits of sustainable land management -- Water for wildlife and people -- Case studies: managing change in internationally important lakes; wetland restoration in South London; wetland re-creation for people and wildlife -- Flood management -- Case studies: space for water in a new housing development; restoration of a lowland river; making space for water in the uplands; adapting buildings -- Water shortage -- case studies: water-friendly gardening; reducing the National Trust's environmental footprint; safeguarding our headwaters -- Pollution -- Case studies: restoration of an 18th-century landscape to meet 21st-century needs; restoring the Upper Conwy for water and carbon; farming a future for water; preventing toxic algae -- Lessons learnt: manage water from source to sea; make space for water; waste less water; tackle pollution at source; 'water proof' our homes and businesses -- The future: integrate policy and funding; move towards a 'water service' culture; advice, skills and training; need for partnership working; involve and engage with water
520 ## - SUMMARY, ETC.
Summary, etc. Looks at attempts by the National Trust to improve water management on properties in England and Wales. Discusses the challenges including pollution, flooding and water shortages and provides case studies of where the water environment has been improved. The authors state that despite successes to date, caution should be taken to ensure that equal attention is paid to future projects designed at protecting natural resources.
521 ## - TARGET AUDIENCE NOTE
Target audience note Advanced
590 ## - LOCAL NOTE (RLIN)
Local note KA
651 #4 - SUBJECT ADDED ENTRY--GEOGRAPHIC NAME
Geographic name England and Wales
Chronological subdivision 1543-
690 ## - LOCAL SUBJECT ADDED ENTRY--TOPICAL TERM (OCLC, RLIN)
Topical term or geographic name as entry element ENVIRONMENTAL AND LAND CONSULTANCY-WATER RESOURCE MANAGEMENT
856 40 - ELECTRONIC LOCATION AND ACCESS
Uniform Resource Identifier <a href="https://www.nationaltrust.org.uk/main/w-chl/w-countryside_environment/w-coastline-sourcetosea.htm">https://www.nationaltrust.org.uk/main/w-chl/w-countryside_environment/w-coastline-sourcetosea.htm</a>
Public note View the item free of charge online at www.nationaltrust.org.uk...
942 ## - ADDED ENTRY ELEMENTS (KOHA)
Suppress in OPAC 0
Holdings
Withdrawn status Lost status Source of classification or shelving scheme Damaged status Not for loan Home library Current library Shelving location Date acquired Total Checkouts Full call number Barcode Date last seen Copy number Price effective from Koha item type
    Dewey Decimal Classification     Virtual Virtual Online 09/10/2008   ONLINE PUBLICATION 145440-1001 06/08/2019 1 06/08/2019 Book